A posta meghonosítása hazánkban

Elmentve itt :
Bibliográfiai részletek
Szerző: Miavecz László
Dokumentumtípus: Cikk
Megjelent: 1897
Sorozat:Magyar gazdaságtörténelmi szemle 4
Kulcsszavak:Közgazdaságtudomány, Gazdaságtörténet
Online Access:http://misc.bibl.u-szeged.hu/221
LEADER 00598nab a2200169 i 4500
001 misc221
005 20191106144232.0
008 170607s1897 hu o 0|| hun d
040 |a SZTE Miscellanea Repozitórium  |b hun 
041 |a hun 
100 1 |a Miavecz László 
245 1 2 |a A posta meghonosítása hazánkban  |h [elektronikus dokumentum] /  |c  Miavecz László 
260 |c 1897 
300 |a 377-382 
490 0 |a Magyar gazdaságtörténelmi szemle  |v 4 
695 |a Közgazdaságtudomány, Gazdaságtörténet 
856 4 0 |u http://misc.bibl.u-szeged.hu/221/1/gazd_tort_szeml_1897_377-382.pdf  |z Dokumentum-elérés